000 00333nam a2200097Ia 4500
008 220120s9999||||xx |||||||||||||| ||und||
100 _aAkshatha M, Anusha K.P, Gayathri P and Shraddha C
_912342
245 0 _aAutomated mater reading
260 _aCoorg Institute of Technology
_bPonnampet
_c2011
650 _aELECTRONICS AND COMMUNICATIONS
999 _c137928
_d137928